| 000 | 00779cam a2200241 4500 | ||
|---|---|---|---|
| 001 | 6 | ||
| 005 | 20220426101609.0 | ||
| 008 | 050822s2007 maua b 001 0 eng | ||
| 010 | _a 2005054019 | ||
| 020 | _a0073052337 (alk. paper) | ||
| 020 | _a9780073052335 | ||
| 100 | 1 | _aWhitten, Jeffrey L. | |
| 245 | 1 | 0 |
_aSystems analysis and design methods / _cJeffrey L. Whitten, Lonnie D. Bentley ; with contributions by Gary Randolph. |
| 246 | 1 | 4 | _aSystems analysis & design methods |
| 250 | _a7th ed. | ||
| 260 |
_aBoston : _bMcGraw-Hill/Irwin, _c1986. |
||
| 300 |
_axv, 747 p. : _bill. (some col.) ; _c29 cm. |
||
| 504 | _aIncludes bibliographical references and index. | ||
| 650 | 0 | _aSystem analysis. | |
| 650 | 0 | _aSystem design. | |
| 700 | 1 | _aBentley, Lonnie D. | |
| 942 |
_2ddc _cMAIN |
||
| 999 |
_c8 _d8 |
||